[Event "AUTO-ADV-4120"]
[Site "http://www.queenalice.com/game.php?id=1556619"]
[Date "2019.1.14"]
[Round "1"]
[White "Givanildo"]
[Black "jcso"]
[Result "0-1"]
[WhiteElo "1545"]
[BlackElo "1908"]

1. d4 e6 2. Bf4 c5 3. dxc5 Bxc5 4. e3 Nf6 5. h3 Qb6 6. Be5 Be7 7. Nd2 d6 8. Bd4
Qc6 9. Ne2 e5 10. Bc3 O-O 11. e4 Nxe4 12. Nxe4 Qxe4 13. f3 Qh4+ 14. g3 Qf6 15.
Nf4 Qg5 16. Kf2 exf4 17. Rg1 fxg3+ 18. Rxg3 Qh4 19. Qe2 g6 20. Qxe7 Qxe7 21. Re1
Qc7 22. f4 Nc6 23. Rge3 Bd7 24. Bg2 d5 25. Kg3 d4 26. Bxc6 Qxc6 27. Bxd4 Qxc2
28. R1e2 Qf5 29. Be5 Rac8 30. b4 Rc1 31. Rg2 Qxh3+ 32. Kf2 Rc2+ 33. Re2 Rxe2+
34. Kxe2 Qxg2+ 35. Kd3 Rc8 36. a3 Bb5+ 37. Kd4 Rc4+ 38. Kd3 Rxb4+ 39. Kc3 Qb2#
0-1

[Event "AUTO-ADV-4120"]
[Site "http://www.queenalice.com/game.php?id=1556620"]
[Date "2019.1.14"]
[Round "1"]
[White "jcso"]
[Black "Givanildo"]
[Result "1-0"]
[WhiteElo "1906"]
[BlackElo "1561"]

1. e4 d5 2. e5 Bf5 3. d4 e6 4. Nf3 h6 5. Nc3 a6 6. Be2 Bb4 7. Bd2 Nc6 8. O-O
Bxc3 9. Bxc3 Nge7 10. Nh4 Be4 11. f3 Bh7 12. f4 Nc8 13. Be1 N8e7 14. c3 Nf5 15.
Nxf5 Bxf5 16. Bg4 Bh7 17. f5 exf5 18. Bxf5 g6 19. Bg4 h5 20. Be2 Qe7 21. c4
O-O-O 22. c5 Bg8 23. Rf6 g5 24. Bc3 g4 25. Bxa6 bxa6 26. Rxc6 f5 27. Rxa6 c6 28.
Qa4 Qb7 29. Rxc6+ Kb8 30. Rb6 Be6 31. Rxb7+ Kxb7 32. Qb5+ Kc7 33. Ba5+ Kc8 34.
c6 Bf7 35. Qb7# 1-0

[Event "AUTO-MASTER-2805"]
[Site "http://www.queenalice.com/game.php?id=1556794"]
[Date "2019.1.15"]
[Round "1"]
[White "jcso"]
[Black "JailtonMaster"]
[Result "0-1"]
[WhiteElo "1936"]
[BlackElo "2148"]

1. e4 d5 2. d3 dxe4 3. d4 Nf6 4. Nc3 e6 5. Bg5 e3 6. fxe3 Be7 7. Bf4 O-O 8. Nf3
c6 9. Qd2 Nbd7 10. e4 b6 11. h4 Bb7 12. Be2 Rc8 13. O-O-O Ng4 14. Bd3 Bb4 15.
Kb1 Bxc3 16. bxc3 c5 17. Ka1 c4 18. Bf1 Bxe4 19. h5 b5 20. Rb1 Qa5 21. Rb4 Nb6
22. Bd6 Rfd8 23. Bf4 Nd5 24. Be2 Nxb4 25. cxb4 Qa3 26. c3 Nf2 27. Rh2 Nd3 28.
Bxd3 cxd3 29. Qc1 Qxc1+ 30. Bxc1 Rxc3 31. Bb2 Rc2 0-1

[Event "AUTO-MASTER-2805"]
[Site "http://www.queenalice.com/game.php?id=1556795"]
[Date "2019.1.15"]
[Round "1"]
[White "JailtonMaster"]
[Black "jcso"]
[Result "0-1"]
[WhiteElo "2157"]
[BlackElo "1910"]

1. d4 e6 2. c4 Nf6 3. Nf3 d5 4. e3 Ne4 5. Nc3 Bb4 6. Qc2 Bxc3+ 7. bxc3 O-O 8.
Be2 Re8 9. O-O c6 10. cxd5 cxd5 11. a4 Qa5 12. Bb2 Bd7 13. c4 Nc6 14. cxd5 exd5
15. Bd3 Nb4 16. Qb3 Nxd3 17. Qxd3 Bxa4 18. Qa3 b5 19. Ne5 Rec8 20. Qe7 Rc7 21.
Nd7 b4 22. Rxa4 Qxa4 23. Nf6+ Nxf6 24. Qxc7 Qb3 25. Rc1 Qxb2 26. Qc8+ Ne8 0-1

[Event "AUTO-MASTER-2805"]
[Site "http://www.queenalice.com/game.php?id=1556796"]
[Date "2019.1.15"]
[Round "1"]
[White "jcso"]
[Black "jesuskatz"]
[Result "0-1"]
[WhiteElo "1928"]
[BlackElo "2095"]

1. e4 b6 2. d4 Bb7 3. d5 e6 4. Nc3 Nf6 5. Bg5 h6 6. Bh4 Be7 7. Nf3 Nxe4 8. Bxe7
Qxe7 9. Nxe4 exd5 10. Nd2 O-O 11. Bd3 dxe4 12. Qe2 Qb4 13. Bxe4 Bxe4 14. Qxe4
Qxe4+ 15. Nxe4 Re8 16. f3 f5 17. O-O fxe4 18. fxe4 Rxe4 19. Rf2 Nc6 20. c3 Ne5
21. Rd1 Re8 22. Rfd2 Ng4 23. h3 Re1+ 0-1

[Event "AUTO-MASTER-2805"]
[Site "http://www.queenalice.com/game.php?id=1556797"]
[Date "2019.1.15"]
[Round "1"]
[White "jesuskatz"]
[Black "jcso"]
[Result "1-0"]
[WhiteElo "2084"]
[BlackElo "1928"]

1. b3 e5 2. Bb2 Nc6 3. e3 d5 4. Bb5 Bd7 5. Bxc6 Bxc6 6. Bxe5 Bd6 7. Bxg7 Qg5 8.
Bxh8 Qxg2 9. Qf3 d4 10. Qxg2 Bxg2 11. Bxd4 Bxh1 12. Ke2 b6 13. Nf3 O-O-O 14. Nc3
Nh6 15. Rxh1 Ng8 16. Rg1 c5 17. Be5 Be7 18. Rg7 f6 19. Bg3 h5 20. Nh4 Rf8 21.
Ng6 Re8 22. Rxg8 Kd8 23. Rg7 f5 24. Nxe7 Rxe7 25. Bh4 1-0

[Event "AUTO-MASTER-2805"]
[Site "http://www.queenalice.com/game.php?id=1556798"]
[Date "2019.1.15"]
[Round "1"]
[White "jcso"]
[Black "Regina1962"]
[Result "0-1"]
[WhiteElo "1912"]
[BlackElo "2024"]

1. e4 e5 2. Nf3 Nc6 3. Bb5 a6 4. Bxc6 dxc6 5. Nxe5 Qd4 6. O-O Qxe5 7. d4 Qe6 8.
d5 cxd5 9. exd5 Qd6 10. Nc3 Nf6 11. Re1+ Be7 12. g3 O-O 13. Bf4 Qd8 14. Qf3 Bg4
15. Qd3 Bd6 16. Bxd6 Qxd6 17. Re3 Rae8 18. Rae1 g6 19. a3 Bf5 20. Qd2 Rxe3 21.
Rxe3 c6 22. Re1 cxd5 23. Ne2 Ne4 24. Qd4 b5 25. Nf4 Rd8 26. h4 Qc6 27. c3 g5 28.
Nh5 Qg6 29. Qd1 gxh4 30. Nf4 Qg5 31. Qc1 hxg3 32. f3 Nf2 33. Ng2 Qxc1 34. Rxc1
Re8 35. Nf4 Nd3 36. Nxd5 Nxc1 37. Nf6+ Kf8 38. b4 Re3 39. Kg2 Rxc3 40. Kxg3 Rxa3
41. Kf4 Bg6 42. Kg5 Rxf3 43. Nxh7+ Bxh7 0-1

[Event "AUTO-MASTER-2805"]
[Site "http://www.queenalice.com/game.php?id=1556799"]
[Date "2019.1.15"]
[Round "1"]
[White "Regina1962"]
[Black "jcso"]
[Result "1-0"]
[WhiteElo "2036"]
[BlackElo "1900"]

1. d4 e6 2. Bf4 Nf6 3. e3 Be7 4. Bd3 c5 5. c3 O-O 6. Nd2 d5 7. Ngf3 Nc6 8. O-O
c4 9. Bc2 Bd6 10. Bxd6 Qxd6 11. e4 b5 12. e5 Qe7 13. exf6 Qxf6 14. Qe2 a5 15. a3
Bb7 16. Rae1 a4 17. Ne5 Qe7 18. Qh5 h6 19. Ndf3 f6 20. Ng6 Qf7 21. Qh3 Rfe8 22.
Re2 Bc8 23. Qg3 Bd7 24. Rfe1 f5 25. Nfe5 Nxe5 26. Nxe5 Qe7 27. h4 Red8 28. h5
Bc8 29. Nc6 Qd6 30. Nxd8 f4 31. Qg6 Qxd8 32. Qh7+ Kf8 33. Bg6 Ke7 34. Qxg7+ Kd6
35. Qxh6 Qf6 36. Re5 Bd7 37. Qg5 Rf8 38. f3 Qxg5 39. Rxg5 Rf6 40. Ree5 Bc8 41.
h6 Rf8 42. h7 Bd7 43. Bc2 Rh8 44. Rg8 Rxh7 45. Bxh7 1-0

[Event "Challenge"]
[Site "http://www.queenalice.com/game.php?id=1559118"]
[Date "2019.2.1"]
[Round "-"]
[White "Magogue"]
[Black "jcso"]
[Result "1-0"]
[WhiteElo "1693"]
[BlackElo "1943"]

1. e4 e5 2. Nf3 d6 3. d4 Bg4 4. dxe5 dxe5 5. Qxd8+ Kxd8 6. Nxe5 Bh5 7. Bc4 Nf6
8. Bg5 Be7 9. Bxf7 Nbd7 10. Nxd7 Bxf7 11. Nxf6 Bxf6 12. Bxf6+ gxf6 13. O-O a5
14. Nc3 Bg6 15. Rad1+ Kc8 16. f3 b6 17. Rd2 Kb7 18. Rfd1 Rhe8 19. Rd7 Rac8 20.
Nb5 Re6 21. Nd6+ Rxd6 22. R1xd6 Be8 23. Rxh7 Ka6 24. Rxf6 c5 25. Rhh6 Rb8 26.
Rxb6+ Rxb6 27. Rxb6+ Kxb6 28. Kf2 Bf7 29. a3 a4 30. Ke3 Bc4 31. h4 Bf7 32. g4
Kb5 33. h5 Kc6 34. h6 Bg6 35. f4 Kd6 36. f5 Bh7 37. g5 Ke7 38. g6 Bxg6 39. fxg6
Kf6 40. h7 Kg7 41. e5 1-0

[Event "Challenge"]
[Site "http://www.queenalice.com/game.php?id=1559119"]
[Date "2019.2.1"]
[Round "-"]
[White "jcso"]
[Black "Magogue"]
[Result "1-0"]
[WhiteElo "1889"]
[BlackElo "1825"]

1. e4 e5 2. Nf3 Nc6 3. Bb5 a6 4. Ba4 Nf6 5. Nc3 b5 6. Bb3 d6 7. O-O b4 8. Nd5
Nxd5 9. Bxd5 Bd7 10. d3 Rb8 11. Ng5 1-0

[Event "Challenge"]
[Site "http://www.queenalice.com/game.php?id=1564665"]
[Date "2019.3.18"]
[Round "-"]
[White "jorm"]
[Black "jcso"]
[Result "0-1"]
[WhiteElo "1895"]
[BlackElo "1916"]

1. e4 e5 2. Nc3 Nf6 3. a3 Bc5 4. h3 d5 5. d3 d4 6. Nce2 h6 7. Nf3 Nc6 8. c3 Bd7
9. cxd4 exd4 10. b4 Bb6 11. Bd2 a6 12. a4 Be6 13. b5 axb5 14. axb5 Na7 15. Qb1
O-O 16. Bb4 Re8 17. Qb2 Nxb5 18. Rxa8 Qxa8 19. Nfxd4 Nxd4 20. Nxd4 Bd7 21. Be2
c5 22. Bd2 cxd4 23. Qxb6 Qa1+ 24. Bd1 Ba4 25. Ke2 Rb8 26. Re1 Qa3 27. Qxd4 Bxd1+
28. Rxd1 Qe7 29. f3 Qc7 30. e5 Nd7 31. f4 Re8 32. Rc1 Qd8 33. Be1 b6 34. h4 Kh8
35. Kf1 f6 36. exf6 Nxf6 37. Qc4 Ng4 38. Kg1 Re2 39. g3 Qe8 40. Qb4 Qe3+ 0-1

[Event "Challenge"]
[Site "http://www.queenalice.com/game.php?id=1569022"]
[Date "2019.4.27"]
[Round "-"]
[White "ymfrancois"]
[Black "jcso"]
[Result "1-0"]
[WhiteElo "2076"]
[BlackElo "1956"]

1. d4 e6 2. Bf4 Nf6 3. e3 Nc6 4. c4 Ne4 5. a3 Be7 6. Bd3 Nf6 7. Nf3 h6 8. O-O d5
9. c5 b6 10. b4 a6 11. Nc3 b5 12. Ne5 Bb7 13. Qb3 g5 14. Nxc6 Bxc6 15. Be5 Rg8
16. h3 h5 17. a4 bxa4 18. Nxa4 Bxa4 19. Rxa4 Qc8 20. Rfa1 Nd7 21. Bxa6 Qb8 22.
Bb5 Rxa4 23. Qxa4 Qc8 24. c6 Nxe5 25. dxe5 Kf8 26. Ba6 Qb8 27. Bb7 f6 28. exf6
Bxf6 29. Ra2 Kf7 30. b5 Qd8 31. Qc2 Rg7 32. Qe2 Rh7 33. Qd3 Rh6 34. g3 Qd6 35.
Qb3 Bd8 36. Rd2 Rf6 37. Rd4 Rf3 38. Qd1 g4 39. hxg4 hxg4 40. Rxg4 Rf6 41. Qb1
Rh6 42. Rf4+ Ke8 43. Bc8 Ke7 44. Qd1 Rh7 45. Qg4 Qe5 46. Kg2 Kd6 47. Rf8 Be7 48.
Qb4# 1-0

[Event "Challenge"]
[Site "http://www.queenalice.com/game.php?id=1569023"]
[Date "2019.4.27"]
[Round "-"]
[White "jcso"]
[Black "ymfrancois"]
[Result "0-1"]
[WhiteElo "1917"]
[BlackElo "2033"]

1. e4 c5 2. c4 e6 3. Nf3 Nc6 4. Nc3 d6 5. d3 Be7 6. Be2 Nf6 7. h3 O-O 8. Be3 a6
9. O-O b5 10. cxb5 axb5 11. Nxb5 Ba6 12. a4 Nb4 13. e5 Bxb5 14. axb5 Nfd5 15.
Rb1 Nxe3 16. fxe3 d5 17. b3 d4 18. exd4 cxd4 19. Rc1 Qb6 20. Rc4 Rfd8 21. Qd2
Ra2 22. Qe1 Qa7 23. Qf2 Nc2 24. Ng5 Bxg5 25. b6 Be3 0-1

[Event "AUTO-ADV-4120"]
[Site "http://www.queenalice.com/game.php?id=1569939"]
[Date "2019.5.6"]
[Round "2"]
[White "dadaspazzi"]
[Black "jcso"]
[Result "0-1"]
[WhiteElo "2058"]
[BlackElo "1935"]

1. d4 e6 2. e4 d6 3. Nc3 d5 4. e5 Bb4 5. Qg4 g6 6. Bd3 Qe7 7. Ne2 Nc6 8. Bg5 f6
9. exf6 Nxf6 10. Qh4 Rf8 11. a3 Ba5 12. O-O-O a6 13. Rhe1 Bd7 14. Nf4 O-O-O 15.
Nxe6 Bxe6 0-1

[Event "AUTO-ADV-4120"]
[Site "http://www.queenalice.com/game.php?id=1569940"]
[Date "2019.5.6"]
[Round "2"]
[White "jcso"]
[Black "dadaspazzi"]
[Result "0-1"]
[WhiteElo "1945"]
[BlackElo "2025"]

1. e4 e5 2. Nf3 Nf6 3. Nc3 d6 4. Bc4 Be7 5. h3 O-O 6. d4 exd4 7. Nxd4 Nxe4 8.
Nxe4 d5 9. Nd2 dxc4 10. Nxc4 Nc6 11. Be3 Nxd4 12. Qxd4 Qxd4 13. Bxd4 Be6 14. Ne3
f5 15. g3 b6 16. a3 c5 17. Bc3 f4 18. gxf4 Rxf4 19. Be5 Rf3 20. h4 Rd8 21. h5
Bg5 22. Ng2 Rd2 23. O-O Rxc2 24. Rad1 Bc4 25. Ne1 Bxf1 26. Nxc2 Bh3 27. Rd5 Bh4
28. Rd2 Rf5 29. Bg3 Rxh5 30. Bxh4 Rxh4 31. Ne3 Rd4 32. Re2 g6 33. Kh2 Bf5 34.
Ng2 Kf7 35. f3 h5 36. Ne3 Be6 37. Ng2 g5 38. Rf2 Kf6 39. f4 g4 40. Nh4 Rd3 41.
Kg1 Bd5 42. Kf1 g3 43. Re2 Rd1+ 44. Re1 g2+ 45. Nxg2 Bxg2+ 46. Kf2 Rxe1 47. Kxe1
h4 48. Kf2 h3 49. Kg3 Kf5 50. b3 b5 0-1

[Event "AUTO-ADV-4120"]
[Site "http://www.queenalice.com/game.php?id=1569943"]
[Date "2019.5.6"]
[Round "2"]
[White "Bigchess"]
[Black "jcso"]
[Result "0-1"]
[WhiteElo "1885"]
[BlackElo "1920"]

1. e4 e5 2. Nf3 Nc6 3. Bb5 a6 4. Bxc6 dxc6 5. d3 Nf6 6. Nc3 Bb4 7. Bd2 Bg4 8. a3
Ba5 9. Qe2 O-O 10. Be3 Bxc3+ 11. bxc3 Qd6 12. O-O b5 13. h3 Bxf3 14. Qxf3 Rfe8
15. Rfd1 c5 16. Bg5 Re6 17. d4 cxd4 18. Kh1 c5 19. cxd4 cxd4 20. c3 Rae8 21. Qd3
Qb6 22. cxd4 exd4 23. Qxd4 Qxd4 24. Rxd4 Nxe4 25. Be3 f5 26. Rd5 g6 27. Rc1 Ng3+
28. Kh2 Nh5 29. Rdc5 f4 30. Bd4 g5 31. Rc6 a5 32. R6c5 h6 33. Rxb5 Re4 34. Ba1
a4 35. f3 Re3 36. Bc3 Rc8 37. Bb2 Rce8 38. Ra5 Re2 39. Ba1 Re1 40. Rxe1 Rxe1 41.
Ra8+ Kf7 42. Bh8 Ng3 43. Ra7+ Kg6 44. Rg7+ Kh5 0-1

[Event "AUTO-ADV-4120"]
[Site "http://www.queenalice.com/game.php?id=1569944"]
[Date "2019.5.6"]
[Round "2"]
[White "jcso"]
[Black "Bigchess"]
[Result "1-0"]
[WhiteElo "1931"]
[BlackElo "1839"]

1. c4 e5 2. e4 d6 3. Nf3 Nf6 4. Nc3 Be7 5. d4 exd4 6. Nxd4 c5 7. Nf3 Nc6 8. Be2
Be6 9. h3 O-O 10. Bf4 Qb6 11. Na4 Qb4+ 12. Bd2 Bxc4 13. Bxb4 Bxe2 14. Qxe2 Nxb4
15. O-O 1-0

[Event "AUTO-ADV-4120"]
[Site "http://www.queenalice.com/game.php?id=1569947"]
[Date "2019.5.6"]
[Round "2"]
[White "jcso"]
[Black "jambalaya"]
[Result "1-0"]
[WhiteElo "1906"]
[BlackElo "1866"]

1. e4 c5 2. c4 b6 3. Nf3 Bb7 4. d3 Nc6 5. Be2 Nd4 6. Nxd4 cxd4 7. O-O e5 8. f4
d6 9. Qb3 g6 10. fxe5 dxe5 11. c5 Qc7 12. Na3 Qxc5 13. Qxf7+ Kd8 14. Qxb7 Rc8
15. Bg4 Rc7 16. Qb8+ 1-0

[Event "AUTO-ADV-4120"]
[Site "http://www.queenalice.com/game.php?id=1569948"]
[Date "2019.5.6"]
[Round "2"]
[White "jambalaya"]
[Black "jcso"]
[Result "0-1"]
[WhiteElo "1872"]
[BlackElo "1932"]

1. Nf3 d5 2. c4 Nf6 3. g3 e6 4. cxd5 Nxd5 5. Nc3 Bc5 6. Bg2 O-O 7. O-O h6 8. d4
Bb6 9. Nxd5 exd5 10. a4 Nc6 11. a5 Nxa5 12. b3 c6 13. Bd2 Bf5 14. Bc3 Rc8 15.
Ra3 c5 16. Bxa5 Bxa5 17. Ne5 Bb6 18. e3 Re8 19. Qh5 Be6 20. Qd1 cxd4 21. exd4
Bf5 22. b4 Rc4 23. Nxc4 dxc4 24. Re3 Bc8 25. Rxe8+ Qxe8 26. Re1 Qd8 27. d5 Bf5
28. Be4 Qd7 29. Bxf5 Qxf5 30. Rf1 Kf8 31. Kg2 c3 32. d6 Ke8 33. Re1+ Kd8 34. Re2
h5 35. Qc2 Qf6 36. Qe4 Kc8 37. Qe7 Bd8 38. Qxf6 Bxf6 39. Kf1 Kd7 40. Ke1 Kxd6
41. Kd1 Kd5 42. Kc2 b5 43. f3 Bd4 44. Re7 f5 45. Kd3 g5 46. Rd7+ Kc6 47. Rxa7
Bxa7 48. Kxc3 Bg1 49. h3 Kd5 50. Kd3 Bd4 51. g4 hxg4 52. hxg4 f4 0-1